Subdivision capitals closest to Zürich (CH) - Statistics

General Stats
  • This quiz has been taken 51 times
  • The average score is 15 of 20
Answer Stats
Distance (km) Answer % Correct
13 63 Sankt Gallen
95%
15 75 Basel
93%
6 39 Luzern
93%
3 37 Schaffhausen
91%
1 22 Zug
88%
4 38 Aarau
86%
8 53 Glarus/Glaris
79%
5 39 Schwyz
79%
18 78 Solothurn
79%
12 62 Liestal
72%
9 54 Altdorf
70%
14 65 Appenzell
70%
2 34 Frauenfeld
70%
7 47 Stans
70%
11 57 Sarnen
67%
10 55 Herisau
65%
17 78 Vaduz
65%
19 90 Delémont
53%
20 92 Bregenz
51%
16 76 Schaan
28%
No matching quizzes found
Score Distribution
Percent of People with Each Score
Percentile by Number Answered
Your Score History
You have not taken this quiz